Southville International School and Colleges
Your cart is empty.
  • Cart
  • Lists
    Public lists Eva Luna New books Lux_list list_1
    Your lists Log in to create your own lists
  • Log in to your account
  • Your cookies
  • Search history
Southville International School and Colleges
  • Advanced search
  • Recent comments
  • Most popular
  • Libraries

Log in to your account

Log in with GOOGLE


If you do not have an external account, but do have a local account, you can still log in:

  1. Home
  2. MARC view: The Nonprofit Challenge :
Normal view MARC view ISBD view

The Nonprofit Challenge : (Record no. 275371)

[ view plain ]
MARC details
000 -LEADER
fixed length control field 01000cam a2200289 a 4500
001 - CONTROL NUMBER
control field 16163241
005 - DATE AND TIME OF LATEST TRANSACTION
control field 20140903114906.0
008 - FIXED-LENGTH DATA ELEMENTS--GENERAL INFORMATION
fixed length control field 100330s2010 nyu b 001 0 eng
010 ## - LIBRARY OF CONGRESS CONTROL NUMBER
LC control number 2010013320
020 ## - INTERNATIONAL STANDARD BOOK NUMBER
International Standard Book Number 9780230623927
040 ## - CATALOGING SOURCE
Original cataloging agency DLC
Transcribing agency DLC
Modifying agency DLC
042 ## - AUTHENTICATION CODE
Authentication code pcc
050 00 - LIBRARY OF CONGRESS CALL NUMBER
Classification number HD 62.6
Item number .W495 2010
082 00 - DEWEY DECIMAL CLASSIFICATION NUMBER
Classification number 338.7/4
100 1# - MAIN ENTRY--PERSONAL NAME
Personal name White, Douglas E.,
Dates associated with a name 1952-
245 14 - TITLE STATEMENT
Title The Nonprofit Challenge :
Remainder of title integrating ethics into the purpose and promise of our nation's charities /
Statement of responsibility, etc Doug White.
246 3# - VARYING FORM OF TITLE
Title proper/short title Nonprofit challenge
260 ## - PUBLICATION, DISTRIBUTION, ETC. (IMPRINT)
Place of publication, distribution, etc New York :
Name of publisher, distributor, etc Palgrave Macmillan,
Date of publication, distribution, etc 2010.
300 ## - PHYSICAL DESCRIPTION
Extent 248 p. ;
Dimensions 25 cm.
521 ## - TARGET AUDIENCE NOTE
Target audience note
650 #0 - SUBJECT ADDED ENTRY--TOPICAL TERM
Topical term or geographic name as entry element Nonprofit organizations.
650 #0 - SUBJECT ADDED ENTRY--TOPICAL TERM
Topical term or geographic name as entry element Nonprofit organizations
General subdivision Finance.
650 #0 - SUBJECT ADDED ENTRY--TOPICAL TERM
Topical term or geographic name as entry element Nonprofit organizations
General subdivision Moral and ethical aspects.
906 ## - LOCAL DATA ELEMENT F, LDF (RLIN)
a 7
b cbc
c orignew
d 1
e ecip
f 20
g y-gencatlg
942 ## - ADDED ENTRY ELEMENTS (KOHA)
Source of classification or shelving scheme Library of Congress Classification
Koha item type Books
Call number prefix Foreign
Holdings
Withdrawn status Lost status Source of classification or shelving scheme Damaged status Not for loan Home library Current library Shelving location Date acquired Source of acquisition Total Checkouts Full call number Barcode Date last seen Price effective from Koha item type
    Library of Congress Classification   On Process College Library College Library General Circulation Section 09/03/2014 Donation   HD 62.6 .W495 2010 C18562 05/15/2018 09/03/2014 Books

The Nonprofit Challenge :

APA

White D. E., . (2010). The Nonprofit Challenge. New York: Palgrave Macmillan.

Chicago

White Douglas E, . 2010. The Nonprofit Challenge. New York: Palgrave Macmillan.

Harvard

White D. E., . (2010). The Nonprofit Challenge. New York: Palgrave Macmillan.

MLA

White Douglas E, . The Nonprofit Challenge. New York: Palgrave Macmillan. 2010.

  • Place hold
  • Print
  • Cite
  • Add to your cart (remove)
  • Save record
    BIBTEX Dublin Core MARCXML MARC (non-Unicode/MARC-8) MARC (Unicode/UTF-8) MARC (Unicode/UTF-8, Standard) MODS (XML) RIS
  • More searches
    Search for this title in:
    Other Libraries (WorldCat) Other Databases (Google Scholar) Online Stores (Bookfinder.com) Open Library (openlibrary.org)

Exporting to Dublin Core...

SOUTHVILLE LIBRARY

Southville International School and Colleges Library

1281 Tropical Ave. Cor. Luxembourg St., BF Homes International, Las Pinas City

Tel. No. 8256374 / 252358 Loc. 117/146

Powered by Koha